00969cam a22002657a 4500003000500000005001700005008004100022010001000063011001000073020001500083035001000098040000900108082001500117100003900132245011900171260014300290300002200433410001900455490007300474650002200547650002100569650002100590810001900611830007300630CHAP20230608091857.0980923d1997 mx r 00110 spa d a76196 a77168 a968889392X a86771 cCHAP04a633.74bR310aRamírez Díaz, Francisco Javier10aSistema agroindustrial cacao en México y su comportamiento en el mercadoc/por Francisco Javier Ramírez Díaz aChapingo, Méx. :bCentro de Investigaciones Económicas, Sociales y Tecnológicas de la Agroindustria y la Agricultura Mundial,c1997. a161 p. :bcuadros2 aUACH. CIESTAAM 0aColección estructura y dinámica de los sistemas agroindustriales14aCacaoxIndustria.14aCacaoxMercadeo.14aCacaoxMéxico.0 aUACh. CIESTAAM0 aColección estructura y dinámica de los sistemas agroindustriales